22-5 1971 Bingöl depremi (Record no. 6220)

MARC details
000 -BAŞLIK
Sabit Uzunlukta Kontrol Alanı 00718na a2200241 4500
001 - KONTROL NUMARASI
Denetim Alanı 19748
003 - KONTROL NUMARASI IDENTIFIER
Denetim Alanı MIRAKIL
005 - SON İŞLEM TARİHİ VE ZAMANI
Denetim Alanı 20181213155100.0
008 - SABİT-BOY VERİ ELEMANLARI - GENEL BİLGİLER
Sabit Uzunlukta Kontrol Alanı 161226b tu 000 0
040 ## - KATALOGLAMA KAYNAK
Orijinal Kataloglama Ajansı Milas
Kataloglama Dili tur
Metne Dönüştürmek Ajansı TR-AnCHP
041 ## - DİL KODU
Metin / Ses Parça Veya Ayrı Başlığın Dil Kodu tur
082 ## - DEWEY ONLU SINIFLANDIRMA NUMARASI
Sınıflandırma Numarası 363.56625
Ürün Numarası Y56 [1972]
090 ## - SINIFLAMA NUMARASI
Sınıflama Numarası 363.56625 Y56 [1972]
245 ## - BAŞLIK TABLOSU
Başlık 22-5 1971 Bingöl depremi
Sorumluluk Tablosu, Vb hazırlayanlar Haluk Aktan...[ve öte.] ; editör Alkut Aytun
260 ## - YAYIN, DAĞITIM, VB
Yayın, Dağıtım, Vb Yeri [Ankara]
Yayıncı, Dağıtıcı, Vs Adı İmar ve İskan Bakanlığı Mesken Genel Müdürlüğü
Yayın, Dağıtım, Vb Tarihi [1972]
300 ## - FİZİKSEL TANIM
Kapsam 79 s.
Boyutlar 26 sm.
500 ## - GENEL NOT
Genel Not Kaynakça var.
650 ## - KONU KATMA GİRİŞ - TOPİKAL DÖNEM
Topikal Süreli Veya Coğrafi Ad Giriş Elemanı Depremler
Coğrafi Alt Bölümü Türkiye
651 ## - KONU KATMA GİRİŞ - COĞRAFİ ADI
Coğrafi İsim Bingöl
Genel Alt Bölümü Depremler
700 ## - KATMA GİRİŞ - KİŞİSEL İSİM
Kişisel Ad Aytun, Alkut
700 ## - KATMA GİRİŞ - KİŞİSEL İSİM
Kişisel Ad Aktan, Haluk
942 ## - EKLENDİ GİRİŞ ELEMANLARI (KOHA)
Sınıflandırma Veya Raf Düzeni Kaynak Dewey Decimal Classification
Koha Öğesi Türü Books
999 ## - SİSTEM KONTROL NUMARALARI (KOHA)
Koha Biblionumber 6220
Koha Biblioitemnumber 6220
Holdings
Kalıcı Konum Mevcut Konum Edinme Tarihi Edinim Kaynak Toplam Check-Out'Lar Tam Çağrı Numarası Barkod Tarih Son Görülme İtibaren Geçerli Fiyatlar Koha Öğesi Türü
CHP Kütüphanesi CHP Kütüphanesi 12/26/2016 Bağış   363.56625 Y56 [1972] 010829 12/26/2016 12/26/2016 Books